000 00237 a2200109 4500
082 _a891.4392TAJ
090 _c39715
_d39715
100 _aImtiaz ALi Taj
245 _aAnar Kali
260 _bSang-e-Meel
942 _aNUST-CAE
_k891.4392TAJ
999 _c473219
_d473219